00610nam a2200169Ia 4500008004100000100002900041245008300070245004600153260003900199260000900238300001000247650001800257650001500275856005800290999001900348952007300367170221s9999 xx 000 0 und d aJeremy Harris Lipschultz aAARP and the Politics of the Obama Election: “Tough Times, Tough Choices”  cJeremy Harris Lipschultz, Michael L. Hilt bStudies in Media and Communication c2016 a5 : 1 xCommunication xMedia Arts uhttp://redfame.com/journal/index.php/smc/issue/view/6 c312922d312922 001040aCLbCLd2017-02-21l0r2017-02-21 00:00:00w2017-02-21yFOJ